[Event "Acropolis Women's Open"]
[Site "Athens GRE"]
[Date "2006.08.18"]
[Round "6"]
[White "Melia,S"]
[Black "Foisor,S"]
[Result "1-0"]
[WhiteElo "2381"]
[BlackElo "2292"]

1.e4 g6 2.d4 Bg7 3.Nc3 d6 4.g3 Nf6 5.Bg2 O-O 6.Nge2 c6 7.O-O e5 8.h3 Re8
9.Be3 Be6 10.Qd2 b5 11.a3 Bc4 12.Rfe1 Nbd7 13.Rad1 d5 14.exd5 Nxd5 15.Nxd5 Bxd5
16.Bxd5 cxd5 17.Nc3 Nb6 18.dxe5 Nc4 19.Qxd5 Qxd5 20.Rxd5 Bxe5 21.Nd1 a6 22.c3 Rad8
23.Rxd8 Rxd8 24.Bc1 Bg7 25.Kg2 f5 26.Ne3 Ne5 27.Rd1 Rxd1 28.Nxd1 Kf7 29.Bf4 Nc4
30.Kf3 Ke6 31.Ke2 Bf6 32.Kd3 Nb6 33.Be3 Nd5 34.Bd4 Be7 35.c4 bxc4+ 36.Kxc4 h5
37.Nc3 Nc7 38.b4 h4 39.gxh4 Bxh4 40.a4 Kd7 41.Nd5 Ne6 42.Be3 g5 43.f3 Nd8
44.b5 axb5+ 45.Kxb5 Kd6 46.Nb4 Ne6 47.Bb6 Be1 48.a5 Bxb4 49.Kxb4 Kc6 50.Be3 f4
51.Bf2 Nc7 52.Kc4 Nb5 53.a6 Na3+ 54.Kd3 Nb5 55.a7 Kb7 56.Ke4 Nd6+ 57.Ke5 Nc4+
58.Kf5 Nd2 59.Kxg5 Nxf3+ 60.Kxf4 Nd2 61.h4 Nc4 62.h5 Nd6 63.h6 Nf7 64.h7 Ka8
65.Kf5 Kb7 66.Kf6 Nh8 67.Kg7  1-0

[Event "Open"]
[Site "Predeal ROM"]
[Date "2006.08.18"]
[Round "9"]
[White "Thesing,M"]
[Black "Badea,B"]
[Result "0-1"]
[WhiteElo "2401"]
[BlackElo "2508"]

1.e4 g6 2.d4 Bg7 3.Nc3 d6 4.Be3 c6 5.a4 Nf6 6.Nf3 Nbd7 7.h3 O-O 8.a5 Qc7
9.Be2 Rb8 10.O-O b5 11.axb6 axb6 12.Qd2 b5 13.b4 Rd8 14.Bh6 e5 15.Bxg7 Kxg7
16.Rfd1 Bb7 17.dxe5 dxe5 18.Qe3 Ra8 19.Ne1 Rxa1 20.Rxa1 Qd6 21.Ra7 Rb8 22.Na2 c5
23.Bxb5 cxb4 24.Bxd7 Nxd7 25.Nd3 Bc6 26.Nac1 Bb5 27.Ra1 Rc8 28.Ra2 Rc3 29.Ne2 Ra3
30.Rb2 Bxd3 31.cxd3 Rxd3 32.Qa7 b3 33.Qa4 Qb6 34.Qa1 Qb4 35.Qb1 Qd6 36.Kh2 Rd1  0-1

[Event "Open"]
[Site "Predeal ROM"]
[Date "2006.08.18"]
[Round "9"]
[White "Raut,C"]
[Black "Moldovan,D"]
[Result "1/2-1/2"]
[WhiteElo "2246"]
[BlackElo "2447"]

1.e4 g6 2.d4 Bg7 3.Nc3 d6 4.f4 a6 5.Nf3 b5 6.Be3 Bb7 7.Bd3 Nd7 8.O-O c5 9.dxc5 Nxc5
10.Bxc5 Bxc3 11.Ba3 Bg7 12.c4 Nf6 13.cxb5 O-O 14.Qe2 axb5 15.Bb4 Qb6+ 16.Kh1 Bc6
17.a3 Nd7 18.Rac1 Rab8 19.Bc3 Nc5 20.Bxg7 Kxg7 21.Nd4 Bd7 22.f5 Nxd3 23.Qxd3 b4
24.Qe3 bxa3 25.bxa3 Qa5 26.Nf3 Rfc8 27.Rcd1 Qc5 28.Qf4 f6 29.fxg6 hxg6 30.e5 dxe5
31.Qg3 Be8 32.Nh4 Qc4 33.Nf5+ Kf8 34.Ne3 Qe6 35.Ng4 Bb5 36.Qh4 Kg8  1/2-1/2

[Event "Open"]
[Site "Stare Mesto CZE"]
[Date "2006.08.19"]
[Round "10"]
[White "Hrabusa,M"]
[Black "Mudrak,J"]
[Result "0-1"]
[WhiteElo "2192"]
[BlackElo "2368"]

1.e4 g6 2.d4 Bg7 3.Nc3 d6 4.Be3 Nd7 5.f4 e5 6.dxe5 dxe5 7.Qf3 c6 8.Bc4 exf4
9.Bxf4 Qe7 10.O-O-O Ne5 11.Bxe5 Bxe5 12.g4 Qg5+ 13.Kb1 Nf6 14.h3 O-O 15.Nge2 b5
16.Bb3 a5 17.a4 b4 18.Na2 Nd7 19.h4 Qf6 20.Qxf6 Nxf6 21.g5 Nxe4 22.Rhe1 Bg4
23.Nac1 Nc5 24.Nd3 Nxd3 25.Rxd3 Rad8 26.Re3 Bc7 27.Nc1 Rd4 28.Nd3 Bf5 29.Re7 Bd6
30.Ra7 c5 31.Ra6 Rxd3 32.Bxf7+ Kh8 33.h5 gxh5 34.Bxh5 Rd2 35.Rh1 Rxc2 36.Ka1 Be5  0-1

[Event "Acropolis Open"]
[Site "Athens GRE"]
[Date "2006.08.20"]
[Round "8"]
[White "Kharlampidi,T"]
[Black "Kotrotsos,V"]
[Result "0-1"]
[WhiteElo "2181"]
[BlackElo "2294"]

1.e4 g6 2.d4 Bg7 3.Nc3 d6 4.Be3 a6 5.Be2 Nd7 6.Qd2 b5 7.O-O-O Bb7 8.f3 Rc8
9.Kb1 c5 10.h4 h6 11.Nh3 b4 12.Nd5 Bxd5 13.exd5 a5 14.dxc5 Nxc5 15.Bb5+ Kf8
16.Nf4 Nf6 17.g4 Nfd7 18.h5 g5 19.Ne2 Ne5 20.Nd4 Qb6 21.Be2 Qb7 22.Nf5 Bf6
23.b3 a4 24.Ng3 axb3 25.cxb3 Kg7 26.Bxc5 Rxc5 27.Nf5+ Kh7 28.Bd3 Qxd5 29.Qe3 Nxd3
30.Rxd3 Qe5 31.Qxe5 Rxe5 32.Rc1 Re2 33.Rc2 Rxc2 34.Kxc2 Rc8+ 35.Kd1 Rc7 36.Ne3 Rb7
37.Rd2 Be5 38.Rc2 e6 39.Nc4 Bf4 40.Na5 Rb5 41.Nc6 d5 42.Ke2 Kg7 43.Kd3 Kf6
44.Nd4 Rb6 45.Rc8 Ra6 46.Rc2 Bd6 47.Re2 Ra8 48.Rc2 Ke7 49.Re2 Kd7 50.Rc2 Rc8
51.Rxc8 Kxc8 52.Ne2 Bc5 53.Nd4 Kd7 54.Ne2 Kd6 55.Kd2 Ke5 56.Kd3 f5 57.Kd2 fxg4
58.fxg4 Ke4  0-1

[Event "Lichtenberger Sommer"]
[Site "Berlin GER"]
[Date "2006.08.20"]
[Round "2"]
[White "Geller,J"]
[Black "Nicora,P"]
[Result "1-0"]
[WhiteElo "2480"]
[BlackElo "2117"]

1.e4 g6 2.d4 Bg7 3.Nc3 d6 4.Be3 Nf6 5.Qd2 c6 6.h3 b5 7.Bd3 Nbd7 8.Nf3 O-O
9.O-O Bb7 10.a4 b4 11.Ne2 c5 12.Ng3 Qc7 13.c3 c4 14.Bb1 bxc3 15.bxc3 Qa5
16.Bc2 Rfb8 17.Rfb1 Ba6 18.d5 Rxb1+ 19.Rxb1 Qc7 20.Nd4 Nc5 21.Bh6 e6 22.Bxg7 Kxg7
23.Qg5 h6 24.Qe3 Bc8 25.Nb5 Qe7 26.dxe6 Bxe6 27.Rd1 d5 28.exd5  1-0

[Event "Stukkenjagers Weekend"]
[Site "Tilburg NED"]
[Date "2006.08.20"]
[Round "6"]
[White "Senff,M"]
[Black "Both,E"]
[Result "1-0"]
[WhiteElo "2464"]
[BlackElo "2286"]

1.e4 g6 2.d4 Bg7 3.Nc3 d6 4.Nf3 a6 5.a4 b6 6.Bc4 e6 7.Bg5 Ne7 8.Qd2 Nd7 9.Bh6 O-O
10.O-O Bb7 11.Ba2 d5 12.e5 c5 13.Ne2 cxd4 14.Nexd4 Nc6 15.Bxg7 Kxg7 16.Rfe1 Nc5
17.Qf4 Nxd4 18.Nxd4 Rc8 19.Bb1 a5 20.c3 Ba6 21.Re3 h6 22.h4 Bc4 23.Bc2 Qe7
24.Rae1 Nd7 25.Rg3 Rg8 26.Ree3 Nb8 27.Rg4 h5 28.Rg5 Nd7 29.Reg3 Nf8 30.Rxh5 Rh8
31.Rxh8 Kxh8 32.h5  1-0

[Event "3rd Dato Arthur Tan"]
[Site "Kuala Lumpur MAS"]
[Date "2006.08.21"]
[Round "2"]
[White "Liew Chee Meng Jimmy"]
[Black "Handayani,T"]
[Result "1/2-1/2"]
[WhiteElo "2320"]
[BlackElo "2083"]

1.d4 g6 2.e4 Bg7 3.Nc3 d6 4.f4 c6 5.Be3 Qc7 6.Nf3 b5 7.a3 Nh6 8.Be2 Ng4 9.Bg1 a6
10.h3 Nh6 11.Be3 f5 12.e5 Nf7 13.O-O d5 14.Qe1 Be6 15.Qh4 Nd7 16.g4 Nb6 17.b3 h6
18.Bd3 Qd7 19.gxf5 Bxf5 20.Bxf5 Qxf5 21.Rf2 Rg8 22.Kh2 Bf8 23.Qg3 Nh8 24.Nh4 Qf7
25.a4 b4 26.Ne2 e6 27.Rg1 O-O-O 28.f5 g5 29.fxe6 Qxe6 30.Nf4  1/2-1/2

[Event "VII Open"]
[Site "Tarragona ESP"]
[Date "2006.08.21"]
[Round "3"]
[White "Parligras,M"]
[Black "Martinez Pena,M"]
[Result "1/2-1/2"]
[WhiteElo "2510"]
[BlackElo "2261"]

1.e4 d6 2.d4 g6 3.Nc3 Bg7 4.Be3 Nf6 5.f3 O-O 6.Qd2 e5 7.d5 Nh5 8.g4 Nf4 9.Nge2 f5
10.gxf5 gxf5 11.exf5 Qh4+ 12.Ng3 Bxf5 13.O-O-O Bg6 14.Nge4 Bh5 15.Bf2 Qe7
16.Qe3  1/2-1/2

[Event "VII Open"]
[Site "Tarragona ESP"]
[Date "2006.08.21"]
[Round "3"]
[White "Fedorchuk,S"]
[Black "Zozulia,A"]
[Result "1-0"]
[WhiteElo "2592"]
[BlackElo "2352"]

1.e4 g6 2.d4 Bg7 3.Nc3 d6 4.Be3 c6 5.Qd2 Nf6 6.Bh6 Bxh6 7.Qxh6 e5 8.Nf3 Qe7
9.dxe5 dxe5 10.Bc4 Nbd7 11.Ng5 Rf8 12.Nxh7 Nxh7 13.Qxh7 Qg5 14.h4 Qf4 15.Qg7 Ke7
16.Be2 Qf6 17.Qxf6+ Nxf6 18.Kd2 Be6 19.Ke3 b5 20.a3 a5 21.g3 Rfb8 22.Rhd1 a4
23.Rd2 b4 24.axb4 Rxb4 25.b3 a3 26.f3 Nd7 27.Nb1 Nc5 28.Bd1 f5 29.Rxa3 Rxa3
30.Nxa3 fxe4 31.c3 Rb7 32.b4 Ra7 33.Nb1 Ra1 34.bxc5 Rxb1 35.Kxe4 Rc1 36.Kxe5 Rxc3
37.Rc2 Ra3 38.Rb2 Re3+ 39.Kf4 Rd3 40.Bc2 Rd2 41.Rb7+ Kf6 42.Be4 Bd5 43.Rd7  1-0

[Event "Lichtenberger Sommer"]
[Site "Berlin GER"]
[Date "2006.08.22"]
[Round "4"]
[White "Mielke,N"]
[Black "Amelang,T"]
[Result "1-0"]
[WhiteElo "2044"]
[BlackElo "2179"]

1.e4 g6 2.d4 Bg7 3.Nc3 d6 4.f4 c6 5.Nf3 Nf6 6.Bd3 b5 7.O-O a6 8.a4 b4 9.Ne2 Qc7
10.Qe1 c5 11.c3 bxc3 12.bxc3 c4 13.Bc2 Bb7 14.Ng3 e6 15.e5 Nd5 16.Ne4 Bf8
17.Ba3 dxe5 18.Bxf8 Kxf8 19.fxe5 h6 20.Nh4 Kg7 21.Nd6 Rf8 22.Rxf7+ Qxf7 23.Nxf7 Kxf7
24.Qe4 Rg8 25.Rf1+ Ke8 26.Qf3 Kd7 27.Rb1 Ra7 28.Be4 Bc6 29.Bxd5  1-0

[Event "23rd Open"]
[Site "Collado Villalba ESP"]
[Date "2006.08.23"]
[Round "5"]
[White "Cueto,J BOL"]
[Black "Portugues,R"]
[Result "1-0"]
[WhiteElo "2314"]
[BlackElo "2200"]

1.d4 g6 2.e4 Bg7 3.Nc3 d6 4.f4 Nf6 5.Nf3 O-O 6.Be3 Na6 7.h3 Nd7 8.g4 c5 9.d5 Nc7
10.a4 b6 11.Qd2 a6 12.Bg2 Rb8 13.f5 Re8 14.h4 b5 15.axb5 axb5 16.h5 b4 17.Nd1 Ne5
18.hxg6 hxg6 19.Nxe5 Bxe5 20.Bf4 Bg7 21.Bf3 Nb5 22.Qh2 e6 23.Qh7+ Kf8 24.Bh6 Bxh6
25.Qxh6+ Ke7 26.dxe6 gxf5 27.exf5 Rf8 28.Qg5+  1-0

[Event "Lichtenberger Sommer"]
[Site "Berlin GER"]
[Date "2006.08.24"]
[Round "6"]
[White "Jugow,A"]
[Black "Schulz,Vo"]
[Result "1/2-1/2"]
[WhiteElo "2219"]
[BlackElo "2175"]

1.d4 g6 2.e4 Bg7 3.Nc3 d6 4.f4 c6 5.Nf3 Nf6 6.Bd3 O-O 7.O-O Nbd7 8.e5 dxe5
9.fxe5 Nd5 10.Nxd5 cxd5 11.Qe1 Qb6 12.Kh1 f6 13.b3 fxe5 14.dxe5 Nxe5 15.Nxe5 Rxf1+
16.Bxf1 Qd4 17.Ba3 Bxe5 18.Rd1 Qc3 19.Qxc3 Bxc3 20.Rxd5 Be6 21.Rc5 Bf6 22.Rc7 Rc8  1/2-1/2

[Event "XXVI Open A"]
[Site "Bratto ITA"]
[Date "2006.08.24"]
[Round "6"]
[White "Di Fonzo,V"]
[Black "De Santis,A"]
[Result "1/2-1/2"]
[WhiteElo "2202"]
[BlackElo "2337"]

1.e4 g6 2.d4 Bg7 3.Nc3 d6 4.Nf3 Nd7 5.Be2 a6 6.a4 e6 7.Bg5 Ne7 8.Qd2 h6 9.Be3 b6
10.O-O Bb7 11.Ne1 f5 12.f3 g5 13.exf5 exf5 14.f4 g4 15.d5 Nf6 16.Bc4 h5 17.Bd4 Qd7
18.b4 h4 19.b5 a5 20.Rd1 O-O-O 21.Bb3 Rde8 22.Bxf6 Bxf6 23.Ne2 h3 24.g3 Rh7
25.c4 Ng8 26.Nc2 Rhe7  1/2-1/2

[Event "VII Open"]
[Site "Tarragona ESP"]
[Date "2006.08.24"]
[Round "6"]
[White "Velcheva,M"]
[Black "Parligras,M"]
[Result "0-1"]
[WhiteElo "2295"]
[BlackElo "2510"]

1.e4 g6 2.d4 Bg7 3.Nc3 d6 4.Nf3 a6 5.a4 Bg4 6.Be2 Nf6 7.Be3 O-O 8.O-O Nc6
9.h3 Bxf3 10.Bxf3 e5 11.dxe5 dxe5 12.Qe2 Nd7 13.Nd5 Nd4 14.Bxd4 exd4 15.g3 Re8
16.Bg2 c6 17.Nf4 b5 18.axb5 axb5 19.Rxa8 Qxa8 20.Qd2 Qa2 21.b3 Nc5 22.e5 Nxb3
23.Qd1 Na5 24.Qa1 Qxa1 25.Rxa1 Nc4 26.Bxc6 Rxe5 27.Ra8+ Bf8 28.Nd3 Re2 29.Bxb5 Rxc2
30.Bxc4 Rxc4 31.Ne5 Rc1+ 32.Kg2 Kg7 33.Rd8 Rd1 34.Rd7 Kf6 35.f4 Ke6 36.Rxf7 Bd6
37.Rxh7 d3 38.Kf3 Bxe5 39.fxe5 Re1 40.Rh6 d2 41.Rxg6+ Kxe5 42.Rg5+ Kd4  0-1

[Event "3rd Dato Arthur Tan"]
[Site "Kuala Lumpur MAS"]
[Date "2006.08.25"]
[Round "8"]
[White "Kojima,S"]
[Black "Lim Yee Weng"]
[Result "1/2-1/2"]
[WhiteElo "2151"]
[BlackElo "2350"]

1.e4 g6 2.d4 Bg7 3.Nc3 d6 4.Be3 a6 5.Qd2 b5 6.a4 b4 7.Nd1 a5 8.c3 Nf6 9.f3 bxc3
10.bxc3 O-O 11.Rb1 Bd7 12.Nb2 Nc6 13.Bd3 e5 14.d5 Ne7 15.Ne2 Ne8 16.c4 c5
17.dxc6 Bxc6 18.Nc3 f5 19.O-O Nf6 20.Nd5 fxe4  1/2-1/2

[Event "VII Open"]
[Site "Tarragona ESP"]
[Date "2006.08.25"]
[Round "7"]
[White "Abergel,T"]
[Black "Malakhatko,V"]
[Result "0-1"]
[WhiteElo "2477"]
[BlackElo "2594"]

1.e4 d6 2.d4 g6 3.Nc3 Bg7 4.f4 e6 5.Nf3 Ne7 6.Be3 Nd7 7.Qd2 a6 8.g4 b5 9.f5 exf5
10.gxf5 Bb7 11.fxg6 hxg6 12.Ng5 Nf6 13.Bg2 b4 14.Ne2 Ng4 15.Bf4 a5 16.O-O Qd7
17.h3 Nh6 18.d5 c5 19.c3 Nc8 20.Rae1 Nb6 21.b3 Qe7 22.Nf3 Nd7 23.cxb4 axb4
24.e5 dxe5 25.d6 Qd8 26.Ng3 Bxf3 27.Bxf3 Ra6 28.Bg5 Qb6 29.Be7 c4+ 30.Kg2 c3
31.Qe2 Ra5 32.Rf2 Bf8 33.Rd1 Bxe7 34.dxe7 Kxe7 35.Qc4 Nf5 36.Bg4 Ne3+ 37.Kh1 Qb7+  0-1

[Event "Lichtenberger Sommer"]
[Site "Berlin GER"]
[Date "2006.08.26"]
[Round "8"]
[White "Plump,D"]
[Black "Schulz,Vo"]
[Result "1-0"]
[WhiteElo "2253"]
[BlackElo "2175"]

1.e4 g6 2.d4 Bg7 3.Nc3 d6 4.f4 c6 5.Nf3 Nf6 6.Bd3 O-O 7.O-O Nbd7 8.e5 dxe5
9.fxe5 Nd5 10.Nxd5 cxd5 11.c3 Qb6 12.Kh1 Re8 13.Qe2 Nf8 14.Ng5 f6 15.exf6 Bxf6
16.Bf4 Ne6 17.Nxh7 Nxf4 18.Rxf4 Bg7 19.Raf1 Bd7 20.Qf3 Qd6 21.Rh4 Rf8 22.Nxf8 Rxf8
23.Rf4 Re8 24.Qg3  1-0

[Event "3rd Dato Arthur Tan"]
[Site "Kuala Lumpur MAS"]
[Date "2006.08.26"]
[Round "9"]
[White "Gomez,Joh"]
[Black "Murshed,N"]
[Result "1-0"]
[WhiteElo "2375"]
[BlackElo "2464"]

1.e4 g6 2.d4 Bg7 3.Nc3 d6 4.f4 c6 5.Nf3 Bg4 6.Be3 Qb6 7.Qd2 Bxf3 8.gxf3 e6
9.O-O-O d5 10.f5 Nd7 11.fxe6 fxe6 12.Bh3 Nf8 13.Na4 Qa6 14.Nc5 Qxa2 15.Qc3 Ne7
16.Kd2 b6 17.Ra1 Qc4 18.Qxc4 dxc4 19.Nxe6 Nxe6 20.Bxe6 b5 21.Ra6 Rf8 22.Ke2 Rf6
23.Bh3 c5 24.Rxf6 Bxf6 25.d5 Bxb2 26.Rb1 c3 27.d6 Nc6 28.Bxc5 a5 29.f4 a4
30.e5 a3 31.Bg2 Kd7 32.e6+ Kxe6 33.Bxc6 a2 34.Rd1  1-0

[Event "Canadian Closed zt"]
[Site "Toronto CAN"]
[Date "2006.08.26"]
[Round "9"]
[White "Kagramanov,D"]
[Black "Kret,T"]
[Result "1-0"]
[WhiteElo "2076"]
[BlackElo "2138"]

1.e4 g6 2.d4 Bg7 3.Nc3 d6 4.f4 Nc6 5.Bb5 a6 6.Bxc6+ bxc6 7.Nf3 Rb8 8.O-O Nf6
9.e5 Nd7 10.Ne4 Nb6 11.Qe2 O-O 12.a4 a5 13.Bd2 Nd5 14.b3 Nb4 15.c3 Ba6 16.c4 Bc8
17.Bc3 Bf5 18.Ne1 Qd7 19.h3 h5 20.Rd1 Rfd8 21.Ng3 dxe5 22.Nxf5 exd4 23.Nxg7 dxc3
24.Rxd7 Rxd7 25.Ne6 Rd2 26.Qe5 fxe6 27.Qxc3 Rbd8 28.Qe5 R8d6 29.c5 R6d5 30.Qxe6+ Kf8
31.Nf3  1-0

[Event "VIII Open"]
[Site "Sants ESP"]
[Date "2006.08.29"]
[Round "5"]
[White "Felgaer,R"]
[Black "Kristiansen,J"]
[Result "1/2-1/2"]
[WhiteElo "2581"]
[BlackElo "2425"]

1.e4 g6 2.d4 Bg7 3.Nc3 d6 4.f4 Nf6 5.Nf3 O-O 6.Bd3 Nc6 7.O-O e5 8.fxe5 dxe5
9.d5 Nb4 10.Bg5 c6 11.dxc6 Nxd3 12.cxd3 bxc6 13.Kh1 Qd6 14.d4 Nd7 15.d5 Nb6
16.dxc6 Qxc6 17.Rc1 Ba6 18.Nd5 Qb5 19.Ne7+ Kh8 20.Rf2 f6 21.Bh4 Bb7 22.Qe1 Qd7
23.Qb4 Rae8 24.Nd5 Nxd5 25.exd5 e4 26.Nd4 e3 27.Re2 Qxd5 28.Nf3 f5 29.Be7 a5
30.Qh4 f4 31.Bxf8 Rxf8 32.Rc7 Rf6 33.Rec2 Qd1+ 34.Ng1 f3 35.Rxb7 Qxc2 36.Rb8+ Rf8
37.Rxf8+ Bxf8 38.Qf6+ Kg8 39.Qe6+ Kg7 40.Qd7+ Kg8  1/2-1/2

[Event "Rudenko Mem"]
[Site "St Petersburg RUS"]
[Date "2006.08.30"]
[Round "5"]
[White "Pogonina,N"]
[Black "Eidelson,R"]
[Result "1/2-1/2"]
[WhiteElo "2441"]
[BlackElo "2183"]

1.e4 g6 2.d4 Bg7 3.Nc3 d6 4.Be3 Nc6 5.h3 f5 6.Nf3 fxe4 7.Nxe4 d5 8.Nc3 Nh6
9.Bb5 O-O 10.Qd2 Nf5 11.O-O Nd6 12.Be2 e6 13.Rad1 a6 14.Bg5 Qe8 15.Bh6 Qe7
16.Bxg7 Qxg7 17.Na4 Ne4 18.Qe3 Bd7 19.c4 Rae8 20.b3 Bc8 21.Qc1 Nd6 22.Nb2 e5
23.dxe5 Nxe5 24.Nxe5 Rxe5 25.Bg4 Bxg4 26.hxg4 Re2 27.Rd2 Rxd2 28.Qxd2 dxc4
29.Nxc4 Nxc4 30.bxc4 Qf7 31.Qd4 c6 32.Re1 Qf4 33.Re4 Qc1+ 34.Kh2 Qh6+ 35.Kg1 Qc1+
36.Kh2 Qh6+  1/2-1/2

[Event "3rd Open"]
[Site "Kalamaria GRE"]
[Date "2006.08.31"]
[Round "2"]
[White "Aroshidze,L"]
[Black "Sougakis,A"]
[Result "1-0"]
[WhiteElo "2490"]
[BlackElo "1975"]

1.e4 g6 2.d4 Bg7 3.Nc3 d6 4.Bg5 c6 5.Qd2 Nf6 6.Bd3 Qa5 7.f4 h6 8.Bh4 e5 9.Nf3 exd4
10.Nxd4 Qb6 11.Nb3 a5 12.a4 Be6 13.Bf2 Qb4 14.h3 Bxb3 15.cxb3 Qxb3 16.O-O O-O
17.f5 Nbd7 18.Ra3 Qb4 19.Qc2 d5 20.Rb3 Qd6 21.exd5 g5 22.Rxb7 Nxd5 23.Ne4 Qe7
24.Qxc6 Nb4 25.Qxd7 Qe5 26.Bb1  1-0

[Event "3rd Open"]
[Site "Kalamaria GRE"]
[Date "2006.09.02"]
[Round "4"]
[White "Ris,R"]
[Black "Malikentzos,S"]
[Result "1-0"]
[WhiteElo "2364"]
[BlackElo "1920"]

1.e4 d6 2.d4 g6 3.Nc3 Bg7 4.Be3 a6 5.Qd2 b5 6.f3 Bb7 7.a4 b4 8.Nd1 a5 9.Bd3 Nd7
10.Ne2 Ngf6 11.O-O O-O 12.Nf2 c5 13.c3 cxd4 14.cxd4 Rc8 15.Nc1 e5 16.d5 Nc5
17.Bb5 Nfd7 18.Nfd3 f5 19.Bxd7 Nxd7 20.Ne2 Ba6 21.Rfc1 f4 22.Bf2 Qg5 23.g4 Qe7
24.Rxc8 Rxc8 25.Rc1 Rxc1+ 26.Nexc1 h5 27.h3 hxg4 28.hxg4 Qg5 29.Qe1 Bf6 30.Kg2 Bd8
31.Qh1 Kg7 32.Ne1 Bb6 33.Ned3 Bd8 34.Qe1 Bf6 35.Qd2 Bd8 36.Qe1 Bf6 37.b3 Bd8
38.Nb2 Bb6 39.Ncd3 Qd8 40.Qh1 Bxf2 41.Nxf2 Qc7 42.g5 Nf8 43.Qh6+ Kf7 44.Qh8 Qc2
45.Qf6+ Kg8 46.Qxd6 Be2 47.Qxe5 Qxb3 48.Qxf4 Qxb2 49.Ng4 Qg7 50.Nf6+ Kh8
51.d6 Qa7 52.Qe5 Kg7 53.Qe7+ Qxe7 54.dxe7  1-0

[Event "TCh-Serbia w"]
[Site "Zlatibor SCG"]
[Date "2006.09.02"]
[Round "8"]
[White "Korbut,E"]
[Black "Petrovic,Mari"]
[Result "1-0"]
[WhiteElo "2430"]
[BlackElo "2212"]

1.e4 g6 2.d4 Bg7 3.Nc3 d6 4.Nf3 c6 5.Be3 Bg4 6.h3 Bxf3 7.Qxf3 e6 8.g4 Nd7
9.h4 h5 10.gxh5 Rxh5 11.Qg3 Bf6 12.Qxd6 Rxh4 13.Rxh4 Bxh4 14.Qh2 Qe7 15.O-O-O Bf6
16.e5 Bg7 17.Ne4 Nb6 18.Qh7 Qf8 19.Nd6+ Kd7 20.Nxb7 Nd5 21.Nc5+ Kc7 22.Bd2 Nh6
23.Nxe6+ fxe6 24.Bxh6 Qxf2 25.Qxg7+ Kb6 26.Bd2 Ne3 27.Ba5+ Kxa5 28.Qc7+ Kb4
29.a3+  1-0

[Event "FSIMA September"]
[Site "Budapest HUN"]
[Date "2006.09.04"]
[Round "3"]
[White "Zumsande,M"]
[Black "Strowsky,Y"]
[Result "1-0"]
[WhiteElo "2404"]
[BlackElo "2141"]

1.e4 g6 2.d4 Bg7 3.Nc3 d6 4.f4 Nf6 5.Nf3 c5 6.Bb5+ Bd7 7.e5 Ng4 8.Bxd7+ Qxd7
9.d5 dxe5 10.h3 e4 11.hxg4 exf3 12.Qxf3 f5 13.gxf5 Qxf5 14.Ne4 Na6 15.Be3 Nb4
16.O-O-O Nxa2+ 17.Kb1 Nb4 18.Bxc5 Na6 19.Rhe1 O-O 20.Bxe7 Qd7 21.Bxf8 Rxf8
22.d6 Rf5 23.Qb3+ Kh8 24.Ng5 Nc5 25.Re7 Qxd6 26.Rxd6 Nxb3 27.Rd8+  1-0

[Event "3rd Open"]
[Site "Kalamaria GRE"]
[Date "2006.09.05"]
[Round "8"]
[White "Martsvalashvili,R"]
[Black "Meenakshi,S1"]
[Result "0-1"]
[WhiteElo "1922"]
[BlackElo "2310"]

1.e4 g6 2.d4 Bg7 3.Nc3 d6 4.Be3 Nf6 5.f3 O-O 6.Qd2 e5 7.d5 Qe7 8.O-O-O Rd8
9.Bc4 c6 10.dxc6 bxc6 11.Nge2 Bb7 12.Bh6 Bxh6 13.Qxh6 d5 14.Bb3 d4 15.Na4 c5
16.Qg5 Nbd7 17.Ng3 Kh8 18.h4 Ba6 19.Bd5 Nxd5 20.exd5 Qxg5+ 21.hxg5 Bb5 22.b3 Bxa4
23.bxa4 f5 24.gxf6 Nxf6 25.Ne4 Nxd5 26.Rh6 Kg7 27.Rdh1 Rh8 28.Nxc5 Rac8 29.Nd3 Ne3
30.Ne1 Nxc2 31.Nd3 Ne3+ 32.Kd2 Rc2+ 33.Ke1 Rb8 34.Rxh7+ Kf6  0-1

[Event "Universities"]
[Site "Istanbul TUR"]
[Date "2006.09.06"]
[Round "8"]
[White "Gaprindashvili,V"]
[Black "Chigladze,I"]
[Result "1/2-1/2"]
[WhiteElo "2484"]
[BlackElo "2317"]

1.d4 g6 2.e4 d6 3.Nc3 Bg7 4.Nge2 a6 5.a4 Nc6 6.Be3 e5 7.d5 Nce7 8.f3 c5 9.dxc6 bxc6
10.a5 Be6 11.Bb6 Qb8 12.Na4 Nf6 13.Nec3 O-O 14.Be2 Nc8 15.Qd2 d5 16.Bc5 Rd8
17.O-O Nd7 18.Kh1 Qc7 19.exd5 Nxc5 20.Nxc5 cxd5 21.Nxa6 Qd6 22.Qd3 Bf5 23.Qxd5 Qxd5
24.Nxd5 Rxd5 25.Nc7 Raxa5 26.Nxd5 Rxd5 27.Rfd1 Rxd1+ 28.Rxd1 Kf8 29.c4 Bh6
30.Rd8+ Ke7 31.Rh8 Bc1 32.b4 Ba3 33.g4 Be6 34.b5 Nb6 35.Rxh7 g5 36.Rh5 f6
37.Rh7+ Kd6 38.Rh6 Ke7 39.Rh7+ Kd6 40.Rh6 Ke7 41.h4 gxh4 42.Rxh4 Bc5 43.Rh7+ Kd6
44.Rh6 Ke7  1/2-1/2

[Event "Universities"]
[Site "Istanbul TUR"]
[Date "2006.09.07"]
[Round "9"]
[White "Arzumanian,G"]
[Black "Gamzardia,G"]
[Result "1-0"]
[WhiteElo "2446"]
[BlackElo "2107"]

1.e4 g6 2.d4 Bg7 3.Nc3 d6 4.Be3 e5 5.Nge2 Nc6 6.f3 f5 7.Qd2 Nf6 8.exf5 Bxf5
9.g4 Bd7 10.O-O-O e4 11.g5 exf3 12.gxf6 fxe2 13.f7+ Kf8 14.Bxe2 Ne7 15.Bg5 h6
16.Bh4 g5 17.Bf2 Ng6 18.Be3 c6 19.Bh5 Nh4 20.Rhf1 b5 21.Rde1 Bf6 22.Bf2 Be7
23.Bxh4 gxh4 24.Qd3  1-0

[Event "5th Kesarovski - Georgiev Mem"]
[Site "Sunny Beach BUL"]
[Date "2006.09.07"]
[Round "6"]
[White "Panajotov,J"]
[Black "Petrov,Marij"]
[Result "0-1"]
[WhiteElo "2262"]
[BlackElo "2430"]

1.e4 g6 2.d4 Bg7 3.Nc3 d6 4.Be3 a6 5.Qd2 b5 6.f3 Nd7 7.a4 b4 8.Na2 c5 9.c3 bxc3
10.bxc3 Rb8 11.Bd3 Qa5 12.Ne2 e6 13.O-O Ne7 14.Nac1 O-O 15.Qa2 Bb7 16.Nb3 Qc7
17.Nd2 Nc6 18.Rab1 Na5 19.Rb2 d5 20.e5 Bc6 21.Rfb1 Rxb2 22.Rxb2 Nb6 23.dxc5 Nxa4
24.Rb4 Qxe5 25.Bd4 Nxc3 26.Nxc3 Qe1+ 27.Bf1 Bxd4+ 28.Rxd4 Qe3+ 29.Kh1 Qxd4  0-1

[Event "ch-EU"]
[Site "Liverpool ENG"]
[Date "2006.09.09"]
[Round "4"]
[White "Pritchett,C"]
[Black "McNab,C"]
[Result "1/2-1/2"]
[WhiteElo "2289"]
[BlackElo "2433"]

1.e4 g6 2.d4 d6 3.Nc3 Bg7 4.Be3 Nf6 5.Qd2 c6 6.Nf3 Qa5 7.h3 Nbd7 8.Bd3 e5
9.O-O O-O 10.dxe5 dxe5 11.Rfd1 Re8 12.a3 Nf8 13.Bc4 Be6 14.Nd5 Qxd2 15.Nxf6+ Bxf6
16.Nxd2 Red8 17.Be2 b5 18.a4 a6 19.Nf3 Rxd1+ 20.Bxd1 Rb8 21.axb5 axb5 22.Ra6 Rc8
23.Be2 Nd7 24.Ra7 Kf8 25.Ng5 Bxg5 26.Bxg5 f6 27.Be3 h5 28.h4 Ke7 29.Bc5+ Ke8
30.Bd6 Bc4 31.Bxc4 bxc4 32.Bb4 c5 33.Bc3 Ke7 34.g3 Rc6 35.Kf1 Ke6 36.Ke2 f5
37.exf5+ gxf5 38.Ra8 Nf6 39.Rh8 Kd5 40.Rd8+ Rd6 41.Rf8 Ke6 42.f4 Ne4 43.Re8+ Kf7
44.Rxe5 Kg6 45.Re8 Nxg3+ 46.Kf3  1/2-1/2

[Event "3rd Szeged Cup"]
[Site "Szeged HUN"]
[Date "2006.09.10"]
[Round "1"]
[White "Bali,E"]
[Black "Foisor,S"]
[Result "0-1"]
[WhiteElo "1958"]
[BlackElo "2292"]

1.e4 g6 2.d4 Bg7 3.Nc3 d6 4.Be3 a6 5.Qd2 Nd7 6.Nf3 b5 7.Bd3 Bb7 8.Ne2 c5
9.c3 Qc7 10.h3 e6 11.a4 c4 12.Bc2 Ne7 13.Ng3 h6 14.O-O Kf8 15.axb5 axb5 16.Rxa8+ Bxa8
17.Ra1 Bb7 18.b4 cxb3 19.Bxb3 Nb6 20.Qd3 Qc6 21.Nd2 d5 22.Rb1 dxe4 23.Qxe4 Ned5
24.Bxd5 Nxd5 25.Rc1 f5 26.Qf3 Qd7 27.Qe2 f4 28.Nge4 fxe3 29.fxe3 Ke7 30.Nc5 Qc6
31.e4 Nxc3  0-1

[Event "FSIMA September"]
[Site "Budapest HUN"]
[Date "2006.09.11"]
[Round "10"]
[White "Torok,S"]
[Black "Strowsky,Y"]
[Result "1-0"]
[WhiteElo "2311"]
[BlackElo "2141"]

1.e4 g6 2.d4 Bg7 3.Nc3 d6 4.f4 a6 5.Nf3 b5 6.Bd3 e6 7.O-O Ne7 8.Qe1 c5 9.dxc5 dxc5
10.e5 Bb7 11.Ne4 Bxe4 12.Bxe4 Nd5 13.Be3 Nd7 14.Rd1 O-O 15.Bxd5 exd5 16.Rxd5 Qc7
17.Qd2 Rfd8 18.Rd1 Ra7 19.Bxc5 Nxc5 20.Rxd8+ Bf8 21.Qd6 Qxd6 22.R1xd6 Nb7
23.Rxf8+ Kxf8 24.Rd7  1-0

[Event "EU-chB16"]
[Site "Herceg Novi MNE"]
[Date "2006.09.12"]
[Round "3"]
[White "Remoli Sargues,F"]
[Black "Pym,T"]
[Result "1-0"]
[WhiteElo "2255"]
[BlackElo "2114"]

1.e4 g6 2.d4 Bg7 3.Nc3 d6 4.f4 a6 5.Nf3 b5 6.Be3 Bb7 7.Bd3 Nd7 8.e5 c5 9.Be4 Bxe4
10.Nxe4 Nh6 11.O-O Ng4 12.Bf2 Nxf2 13.Rxf2 cxd4 14.exd6 O-O 15.Nxd4 exd6
16.c3 Nc5 17.Ng5 Qb6 18.Ngf3 Rac8 19.g3 Ne4 20.Re2 d5 21.Rc1 b4 22.Qb3 Rc4
23.Kg2 Nc5 24.Qd1 bxc3 25.Rxc3 Rxc3 26.bxc3 Ne4 27.Rc2 Rc8 28.Qd3 Rc4 29.f5 Bxd4
30.Nxd4 Nxc3 31.Rxc3 Rxd4 32.Qe3 Qb2+ 33.Kh3 Re4 34.Rc8+ Kg7 35.Qg5 h6 36.Qd8  1-0

[Event "EU-chG16"]
[Site "Herceg Novi MNE"]
[Date "2006.09.12"]
[Round "3"]
[White "Nesterovskaya,A"]
[Black "Vasile,T"]
[Result "0-1"]
[WhiteElo "2060"]
[BlackElo "1843"]

1.e4 d6 2.d4 g6 3.Nc3 Bg7 4.Be3 Nf6 5.f3 c6 6.Qd2 b5 7.Bh6 O-O 8.g3 Nbd7
9.Bh3 Nb6 10.O-O-O Nc4 11.Qg5 Qa5 12.Bxg7 Kxg7 13.e5 Ng8 14.exd6 exd6 15.Rd3 h6
16.Qf4 b4 17.d5 Nxb2 18.Qd4+ Nf6 19.Kxb2 bxc3+ 20.Rxc3 Rb8+ 21.Rb3 Rxb3+
22.axb3 Qxd5 23.Qxa7 Bxh3 24.Nxh3 Qxf3 25.Re1 Nd5 26.Qd4+ Qf6 27.Qxf6+ Kxf6
28.Nf2 Rd8 29.c4 Nc7 30.Ne4+ Kg7 31.Rd1 d5 32.Nc5 d4 33.Ne4 Ne6 34.Nd2 c5
35.Kc2 g5 36.Ne4 f5 37.Nf2 Kf6 38.Ra1 f4 39.Ng4+ Kg6 40.Ra6 Re8 41.Ne5+ Kf6
42.Nd3 Kf5 43.Ra5 f3 44.Ra1 h5 45.Re1 Rd8 46.h3 h4 47.g4+ Kf6 48.Rf1 Kg7
49.Rxf3 Rf8 50.Rxf8 Kxf8 51.Kd2 Ke7 52.Ke2 Nf4+ 53.Kd2 Kd6 54.Nxf4 gxf4 55.g5 f3
56.g6 Ke7 57.g7 Kf7 58.b4 f2 59.Ke2 cxb4 60.c5 b3 61.c6 b2  0-1